00520nam a2200193 a 4500001001300000003000900013005001700022008004100039020001000080082001400090100002000104245006400124260003200188300001500220500003500235505002000270650001600290700002000306nice12345678IN_TiNIC20260116012810.0050524s1984 bata grp 000 0 urd  ac10000a239bSIN3 aSingh, Daniel J aImportance and Outstanding Feature of Swami Dayanand`s Life aBatalabBharat Colonyc1984 apart 1 & 2 aincludes index and biblioraphy2 aUrdu Manuscript aApologetics1 aSingh, Daniel J